Central Library OPAC University of Rajshahi

John Arbuthnot : (Record no. 23851)

MARC details
000 -LEADER
fixed length control field 00810cam a2200265u 4500
001 - CONTROL NUMBER
control field 23851
003 - CONTROL NUMBER IDENTIFIER
rucl marc code BD-RjUL
005 - DATE AND TIME OF LATEST TRANSACTION
control field 20211209000959.0
008 - FIXED-LENGTH DATA ELEMENTS--GENERAL INFORMATION
fixed length control field 140311q 1967nyuac 001 0beng
035 ## - SYSTEM CONTROL NUMBER
System control number (BD-RjUL)23916
040 ## - CATALOGING SOURCE
Original cataloging agency DLC
Transcribing agency CarP
Modifying agency DLC
Language of cataloging eng
041 ## - LANGUAGE CODE
Language code of text/sound track or separate title eng
082 ## - DEWEY DECIMAL CLASSIFICATION NUMBER
Classification number 925.1
Author mark and year BEJ
100 1# - MAIN ENTRY--PERSONAL NAME
Personal name Beattie, Lester M.
Fuller form of name (Lester Middleswarth)
9 (RLIN) 73331
245 00 - TITLE STATEMENT
Title John Arbuthnot :
Remainder of title mathematician and satirist /
Statement of responsibility, etc. Lester M. ,Beattie
Number of part/section of a work Volume XVI
260 ## - PUBLICATION, DISTRIBUTION, ETC. (IMPRINT)
Place of publication, distribution, etc. New York :
Name of publisher, distributor, etc. Russell & Russell,
Date of publication, distribution, etc. c1967.
300 ## - PHYSICAL DESCRIPTION
Pagination xvi, 432 p. :
Illustrations illus. port. ;
Size 22 cm.
504 ## - BIBLIOGRAPHY, ETC. NOTE
Bibliography, etc Includes index.
600 10 - SUBJECT ADDED ENTRY--PERSONAL NAME
Personal name Arbuthnot, John,
Dates associated with a name 1667-1735.
830 #0 - SERIES ADDED ENTRY--UNIFORM TITLE
Volume number/sequential designation v. 16.
Uniform title Harvard studies in English.
942 ## - ADDED ENTRY ELEMENTS (KOHA)
Source of classification or shelving scheme Dewey Decimal Classification
Koha item type Books
Holdings
Lost status Source of classification or shelving scheme Damaged status Not for loan Collection code Permanent Location Current Location Shelving location Date acquired Source of acquisition Cost, normal purchase price Total Checkouts Full call number Date last seen Copy number Koha item type
  Dewey Decimal Classification   Added to bundle Non-fiction Central Library, University of Rajshahi Central Library, University of Rajshahi Reading Room 20/06/1994 Asia Fundation Gift 0.00   925.1 BEJ V-16 1967 11/03/2014 C-1 Books